| 000 -LEADER |
| fixed length control field |
01108nam a2200217Ia 4500 |
| 008 - FIXED-LENGTH DATA ELEMENTS--GENERAL INFORMATION |
| fixed length control field |
200103s 1994 ||||xx |||||||||||||| ||und|| |
| 020 ## - INTERNATIONAL STANDARD BOOK NUMBER |
| International Standard Book Number |
1850445176 |
| 082 ## - DEWEY DECIMAL CLASSIFICATION NUMBER |
| Classification number |
623.89 |
| Item number |
ACK |
| 100 ## - MAIN ENTRY--PERSONAL NAME |
| Personal name |
Ackroyd, Neil |
| 245 #0 - TITLE STATEMENT |
| Title |
Global navigation: a GPS user's guide |
| 250 ## - EDITION STATEMENT |
| Edition statement |
2nd |
| 260 ## - PUBLICATION, DISTRIBUTION, ETC. (IMPRINT) |
| Name of publisher, distributor, etc |
Lloyd's of London Press Ltd. |
| Date of publication, distribution, etc |
1994 |
| Place of publication, distribution, etc |
London |
| 300 ## - PHYSICAL DESCRIPTION |
| Extent |
xxii, 196 p.: ill. |
| 504 ## - BIBLIOGRAPHY, ETC. NOTE |
| Bibliography, etc |
Satellites and navigation<br/>GPS and the ship<br/>Differential GPS<br/>GPS : applications and implications<br/>The GPS detail<br/>Standard C detail : IMNARSAT and global satellite communications.<br/><br/> |
| 520 ## - SUMMARY, ETC. |
| Summary, etc |
This guide looks at Global Positioning Systems from the perspective of those who are having to deal with the effects of new technology on ship operation and management. The navigation community now has full uninterrupted access to GPS, underlining the importance of satellite communications and satellite navigation in the marine. |
| 650 ## - SUBJECT ADDED ENTRY--TOPICAL TERM |
| Topical term or geographic name as entry element |
Global positioning system |
| 650 ## - SUBJECT ADDED ENTRY--TOPICAL TERM |
| Topical term or geographic name as entry element |
Artificial satellites in navigation |
| 650 ## - SUBJECT ADDED ENTRY--TOPICAL TERM |
| Topical term or geographic name as entry element |
GPS applications |
| 700 ## - ADDED ENTRY--PERSONAL NAME |
| Personal name |
Lorimer, Robert |
| Relator term |
Co-author |
| 942 ## - ADDED ENTRY ELEMENTS (KOHA) |
| Item type |
Reference book |